| 000 | 00922nam a22002177a 4500 | ||
|---|---|---|---|
| 999 |
_c2408 _d2408 |
||
| 005 | 20230509081052.0 | ||
| 008 | 230509b ||||| |||| 00| 0 eng d | ||
| 020 | _a9781489864598 | ||
| 040 | _cKH8 | ||
| 082 | _aFIC KIN | ||
| 100 |
_aKinney, Jeff _eAuthor |
||
| 245 |
_aOld school / _cJeff Kinney |
||
| 260 |
_aNew York, _bAmulet Books, _c2015 |
||
| 300 |
_a 217 pages : _b illustrations ; _c21 cm |
||
| 440 | _a Diary of a wimpy kid | ||
| 520 | _a"Life was better in the old days. Or was it? That's the question Greg Heffley is asking as his town voluntarily unplugs and goes electronics-free. But modern life has its conveniences, and Greg isn't cut out for an old-fashioned world. With tension building inside and outside the Heffley home, will Greg find a way to survive?"-- Provided by publisher | ||
| 650 | _aDiaries | ||
| 650 | _aDiaries Fiction | ||
| 650 | _aDiaries Juvenile fiction | ||
| 942 |
_2ddc _cFIC |
||